000 00693nam a2200229 a 4500
001 BRCA_7732
005 20190320205952.0
008 060913s1951----enka######---#000-0#eng-#
041 _aeng
044 _aenk
050 4 _aNK8801.5
_b.F54 1951
245 1 0 _aFifty masterpieces of textiles
_cVictoria and Albert Museum.
260 _aLondres
_bH. M. Stationery Office
_c1951
300 _a103 p.
_bil., 50 láminas
_c15 cm.
500 _aU79
650 1 4 _aTextiles
_vExposiciones
_919131
650 1 4 _aTextiles
_vCatálogos
_94851
650 1 4 _aGalerías y museos
_vExposiciones
_zInglaterra
_919132
710 2 _aVictoria and Albert Museum (Londres)
_919133
902 _aGFM
942 _2lcc
_cB
999 _c7406
_d7406